| 000 | 01732nam0a2200349 4500 | ||
|---|---|---|---|
| 001 | RU\NLR\BIBL_A\010570124 | ||
| 005 | 20260408121226.0 | ||
| 010 |
_a978-5-904742-26-3 _9200 |
||
| 021 |
_aRU _b2014-81741 _94978 |
||
| 035 | _a(NLR Aleph) 010570124 | ||
| 090 |
_a10420811 _c10420811 |
||
| 100 | _a20141222d2014 |||y0rusy50 ca | ||
| 101 | 0 |
_aeng _drus |
|
| 102 | _aRU | ||
| 105 | _aa z 101yy | ||
| 200 | 1 |
_aXV International scientific conference "High-tech in chemical engineering - 2014", Zvenigorod, September 22-26, 2014 _eabstracts |
|
| 210 |
_aMoscow _cИзд-во МИТХТ _d2014 |
||
| 215 |
_a368 c. _cил. _d29 |
||
| 300 | _aЗагл. обл.: High-tech in chemical engineering - 2014: XV International scientific conference, Zvenigorod, 22-26 September, 2014: abstracts | ||
| 300 | _aВ надзаг.: Min. of education a. science of the Russian Federation, Russian found. for basic research, Mendeleev Russian chem. soc., Lomonosov Moscow state univ. of fine chem. technologies, Samara state techn. univ. | ||
| 300 | _aРез. на рус. яз. | ||
| 313 | _aв ГАК нет | ||
| 320 | _aБиблиогр. в конце отд. ст. | ||
| 320 | _aУказ.: с. 358-367 | ||
| 512 | 1 |
_aHigh-tech in chemical engineering - 2014 _eXV International scientific conference, Zvenigorod, 22-26 September, 2014 _eabstracts |
|
| 606 | 1 |
_aХимическая технология _jТезисы докладов _9920483 _3RU\NLR\AUTH\6618406 |
|
| 686 | 1 | _aЛ10я431(0) | |
| 710 | 1 | 2 |
_8eng _a"High-tech in chemical engineering - 2014", international scientific conference _d15 _eZvenigorod _7ba _3RU\NLR\AUTH\880396157 _9458694 |
| 942 | _cBOOK | ||
| 980 | _aNB | ||